LIBRARY & INFORMATION CENTRE, KCAET, TAVANUR

ONLINE PUBLIC ACCESS CATALOGUE (OPAC)

Intensive area development scheme / (Record no. 5044)

MARC details
000 -LEADER
fixed length control field 00394cam a2200145ua 4500
041 ## - LANGUAGE CODE
Language code of text/sound track or separate title mal
082 ## - DEWEY DECIMAL CLASSIFICATION NUMBER
Classification number 338
Item number PAT/IN
100 ## - MAIN ENTRY--AUTHOR NAME
Personal name Patel, Jhaverbhai .
245 ## - TITLE STATEMENT
Title Intensive area development scheme /
260 ## - PUBLICATION, DISTRIBUTION, ETC. (IMPRINT)
Place of publication Mumbai :
Name of publisher Khadi and Village Industries Commission ,
Year of publication 1961.
300 ## - PHYSICAL DESCRIPTION
Number of Pages 67 ; .
942 ## - ADDED ENTRY ELEMENTS (KOHA)
Koha item type Books
Holdings
Withdrawn status Lost status Damaged status Home library Current library Date acquired Full call number Accession Number Koha item type
Withdrawn     KAUAET KAUAET 07/04/2012 338 8584 Books
free website counter